Statistics for WCW - Hulk Hogan's PPV Opponents

Click here to take the quiz!

General Stats

  • This quiz has been taken 457 times
    (403 since last reset)
  • The average score is 62 of 77

Answer Stats

YearEventMatch TypeAnswer% Correct
1994Bash at the BeachRic Flair
99%
1996Uncensored8 vs. 2 Handicap Tower of Doom Cage MatchRic Flair
99%
2000UncensoredLeather Strap MatchRic Flair
99%
1996Fall Brawl4 vs. 4 WarGames MatchRic Flair
99%
1995SlamboreeTag Team MatchRic Flair
99%
1999Spring StampedeFour-Corners MatchRic Flair
99%
1994Halloween HavocLoser Must Retire / Steel Cage MatchRic Flair
99%
1999SuperBrawl IXRic Flair
99%
1999UncensoredFirst Blood Steel Cage MatchRic Flair
99%
1996Halloween HavocRandy Savage
97%
1996Bash at the BeachSix-Man Tag Team MatchRandy Savage
97%
1998UncensoredSteel Cage MatchRandy Savage
97%
1998The Great American BashTag Team MatchRandy Savage
97%
1998SuperBrawl VIIISting
96%
1998Fall Brawl3 vs. 3 vs. 3 WarGames MatchSting
96%
1999Halloween HavocSting
96%
1996Fall Brawl4 vs. 4 WarGames MatchSting
96%
1999Fall BrawlSting
96%
1996Bash at the BeachSix-Man Tag Team MatchSting
96%
1999Spring StampedeFour-Corners MatchSting
96%
1997StarrcadeSting
96%
1998Fall Brawl3 vs. 3 vs. 3 WarGames MatchKevin Nash
94%
1999Road WildRetirement MatchKevin Nash
94%
1997Bash at the BeachTag Team MatchThe Giant
93%
1996SuperBrawl VISteel Cage MatchThe Giant
93%
1997Uncensored4 vs. 4 vs. 3 Triangle Elimination Tag MatchThe Giant
93%
1996Hog WildThe Giant
93%
1997Souled OutThe Giant
93%
1995Halloween HavocMonster Truck Sumo MatchThe Giant
93%
1998Spring StampedeBaseball Bat on a Pole Tag Team MatchThe Giant
93%
1995Halloween HavocThe Giant
93%
1997Uncensored4 vs. 4 vs. 3 Triangle Elimination Tag MatchLex Luger
88%
1997Road WildLex Luger
88%
1997Bash at the BeachTag Team MatchLex Luger
88%
1996Fall Brawl4 vs. 4 WarGames MatchLex Luger
88%
1996Bash at the BeachSix-Man Tag Team MatchLex Luger
88%
1998Fall Brawl3 vs. 3 vs. 3 WarGames MatchLex Luger
88%
1996Uncensored8 vs. 2 Handicap Tower of Doom Cage MatchLex Luger
88%
2000SuperBrawlLex Luger
88%
1998Bash at the BeachTag Team MatchDiamond Dallas Page
85%
1998Road WildTag Team MatchDiamond Dallas Page
85%
1999Spring StampedeFour-Corners MatchDiamond Dallas Page
85%
1998Fall Brawl3 vs. 3 vs. 3 WarGames MatchDiamond Dallas Page
85%
2000Bash at the BeachJeff Jarrett
85%
1997Uncensored4 vs. 4 vs. 3 Triangle Elimination Tag MatchJeff Jarrett
85%
1998Halloween HavocThe Warrior
78%
1998Fall Brawl3 vs. 3 vs. 3 WarGames MatchThe Warrior
78%
1996Fall Brawl4 vs. 4 WarGames MatchArn Anderson
77%
1996Uncensored8 vs. 2 Handicap Tower of Doom Cage MatchArn Anderson
77%
1995SuperBrawl VVader
77%
1995UncensoredLeather Strap MatchVader
77%
1995SlamboreeTag Team MatchVader
77%
1995Bash at the BeachSteel Cage MatchVader
77%
1997Uncensored4 vs. 4 vs. 3 Triangle Elimination Tag MatchRoddy Piper
75%
1997Halloween HavocSteel Cage MatchRoddy Piper
75%
1998Spring StampedeBaseball Bat on a Pole Tag Team MatchRoddy Piper
75%
1997SuperBrawl VIIRoddy Piper
75%
1996StarrcadeRoddy Piper
75%
1998The Great American BashTag Team MatchRoddy Piper
75%
1998Fall Brawl3 vs. 3 vs. 3 WarGames MatchRoddy Piper
75%
1996Uncensored8 vs. 2 Handicap Tower of Doom Cage MatchKevin Sullivan
72%
1997Uncensored4 vs. 4 vs. 3 Triangle Elimination Tag MatchChris Benoit
68%
2000SlamboreeBilly Kidman
65%
2000The Great American BashBilly Kidman
65%
1997Uncensored4 vs. 4 vs. 3 Triangle Elimination Tag MatchScott Steiner
60%
1995Fall Brawl4 vs. 4 WarGames MatchShark
57%
1998Road WildTag Team MatchJay Leno
56%
1998Bash at the BeachTag Team MatchKarl Malone
53%
1996Uncensored8 vs. 2 Handicap Tower of Doom Cage MatchMeng
53%
1995Fall Brawl4 vs. 4 WarGames MatchMeng
53%
1997Uncensored4 vs. 4 vs. 3 Triangle Elimination Tag MatchSteve McMichael
48%
1995Fall Brawl4 vs. 4 WarGames MatchZodiac
47%
1994StarrcadeThe Butcher
45%
1995Fall Brawl4 vs. 4 WarGames MatchKamala
44%
1996Uncensored8 vs. 2 Handicap Tower of Doom Cage MatchThe Barbarian
43%
1996Uncensored8 vs. 2 Handicap Tower of Doom Cage MatchZ-Gangsta
41%
1996Uncensored8 vs. 2 Handicap Tower of Doom Cage MatchThe Ultimate Solution
40%

Score Distribution

Percentile by Number Answered

Percent of People with Each Score

Your Score History

You have not taken this quiz since the last reset